书目信息 |
| 题名: |
榜样的力量
|
|
| 作者: | 周文敏 编著 | |
| 分册: | ||
| 出版信息: | 北京 北京工业大学出版社 2013.10 |
|
| 页数: | 300页 | |
| 开本: | 24cm | |
| 丛书名: | 成功盛典丛书 | |
| 单 册: | ||
| 中图分类: | F272.91 | |
| 科图分类: | ||
| 主题词: | 企业领导学--Qi Ye Ling Dao Xue | |
| 电子资源: | ||
| ISBN: | 978-7-5639-3639-7 | |
| 000 | 01013nam0 22002651 450 | |
| 001 | 349574 | |
| 005 | 20161009084901.89 | |
| 010 | @a978-7-5639-3639-7@dCNY32.00 | |
| 100 | @a20131030d2013 em y0chiy50 ea | |
| 101 | 0 | @achi |
| 102 | @aCN@b110000 | |
| 105 | @ay z 000yy | |
| 106 | @ar | |
| 200 | 1 | @a榜样的力量@ABang Yang De Li Liang@e找到薪火传递的正能量@f周文敏编著 |
| 210 | @a北京@c北京工业大学出版社@d2013.10 | |
| 215 | @a300页@d24cm | |
| 225 | 2 | @a成功盛典丛书@ACheng Gong Sheng Dian Cong Shu |
| 330 | @a本书从领导者推进榜样的力量的角度出发,以培养自身影响力及利用自身的优势去感召、激励员工为中心,通过实用、简单、有效的向员工传递正能量的方式,让管理化繁为简,让读者有品茗之惬意,又有顿悟之快感。 | |
| 461 | 0 | @12001 @a成功盛典丛书 |
| 517 | 1 | @a找到薪火传递的正能量@AZhao Dao Xin Huo Chuan Di De Zheng Neng Liang |
| 606 | 0 | @a企业领导学@AQi Ye Ling Dao Xue |
| 690 | @aF272.91@v5 | |
| 701 | 0 | @a周文敏@AZhou Wen Min@4编著 |
| 801 | 0 | @aCN@bTANGWEI@20160730 |
| 905 | @b0885695-9@dF272.91@e1270@f5 | |
| 榜样的力量:找到薪火传递的正能量/周文敏编著 .-北京:北京工业大学出版社,2013.10 |
| 300页;24cm.-(成功盛典丛书) |
| ISBN 978-7-5639-3639-7:CNY32.00 |
| 本书从领导者推进榜样的力量的角度出发,以培养自身影响力及利用自身的优势去感召、激励员工为中心,通过实用、简单、有效的向员工传递正能量的方式,让管理化繁为简,让读者有品茗之惬意,又有顿悟之快感。 |
| ● |
| 相关链接 |
|
|
|
|
正题名:榜样的力量
索取号:F272.91/1270
 
预约/预借
| 序号 | 登录号 | 条形码 | 馆藏地/架位号 | 状态 | 备注 |
| 1 | 0885695 | 208856950 | 第一样本阅览室/ [索取号:F272.91/1270] | 在馆 | |
| 2 | 0885696 | 208856969 | 第一借阅区/ [索取号:F272.91/1270] | 在馆 | |
| 3 | 0885697 | 208856978 | 密集书库-史法系/ [索取号:F272.91/1270] | 在馆 | |
| 4 | 0885698 | 208856987 | 第一借阅区/ [索取号:F272.91/1270] | 在馆 | |
| 5 | 0885699 | 208856996 | 第一借阅区/ [索取号:F272.91/1270] | 在馆 |